[Event "Junior Online 4NCL Division 5"]
[Site "online"]
[Date "2021.04.01"]
[EventDate "2021.04.01"]
[Round "6.26"]
[White "Stewart, Hari"]
[WhiteElo "1817"]
[WhiteTeam "Kings College School"]
[Black "Buanne, Giulio"]
[BlackElo "1351"]
[BlackTeam "KCJS 3"]
[Result "1-0"]
[PlyCount "41"]

1. c4 e5 2. g3 Nf6 3. Bg2 c6 4. d4 d6 5. dxe5 dxe5 6. Qxd8+ Kxd8 7. Nf3 Nbd7 8. O-O Bd6 9. Bg5 Ke7 10. Nc3 Re8 11. Ne4 Kf8 12. Nxd6 Re6 13. Rfd1 h6 14. Bxf6 Nxf6 15. Rd2 b5 16. cxb5 cxb5 17. Nxb5 Re8 18. Nc7 Rd8 19. Rxd8+ Ke7 20. Nxe5 Rb8 21. Nc6# 1-0

[Event "Junior Online 4NCL Division 5"]
[Site "online"]
[Date "2021.04.01"]
[EventDate "2021.04.01"]
[Round "6.27"]
[White "Ali, Shahyan"]
[WhiteElo "1335"]
[WhiteTeam "KCJS 3"]
[Black "Ali, Shahvez"]
[BlackElo "1787"]
[BlackTeam "Kings College School"]
[Result "0-1"]
[PlyCount "80"]

1. e4 c6 2. Bc4 d5 3. exd5 cxd5 4. Bb5+ Bd7 5. Bxd7+ Nxd7 6. Nf3 Ngf6 7. d3 e6 8. Bg5 Be7 9. Nc3 h6 10. Bh4 O-O 11. O-O a6 12. Qe2 b5 13. Nd4 Rc8 14. a4 b4 15. Na2 a5 16. b3 Qb6 17. Nb5 Rc6 18. Qe3 Bc5 19. Qd2 Rfc8 20. Rac1 Bd4 21. Nxd4 Qxd4 22. Bxf6 Qxf6 23. d4 Qg6 24. c3 bxc3 25. Rxc3 Nf6 26. Rxc6 Rxc6 27. Qxa5 Rc2 28. Nc3 Qd3 29. Nb5 Qxb3 30. Qa8+ Kh7 31. Nd6 Kg6 32. Qa7 h5 33. Qxf7+ Kh6 34. Qxe6 Qd3 35. Nf5+ Kh7 36. Ne3 Re2 37. Qf5+ Qxf5 38. Nxf5 Ra2 39. Re1 Rxa4 40. Re7 Ra1+ 0-1

[Event "Junior Online 4NCL Division 5"]
[Site "online"]
[Date "2021.04.01"]
[EventDate "2021.04.01"]
[Round "6.28"]
[White "Phanish, Adithya"]
[WhiteElo "1720"]
[WhiteTeam "Kings College School"]
[Black "Qiu, Winston"]
[BlackElo "1240"]
[BlackTeam "KCJS 3"]
[Result "1-0"]
[PlyCount "51"]

1. d4 c6 2. c4 Nf6 3. Nc3 d5 4. Nf3 e6 5. Bg5 Bb4 6. Qc2 h6 7. Bh4 g5 8. Bg3 Bxc3+ 9. bxc3 Ne4 10. e3 Qa5 11. Rc1 dxc4 12. Qxe4 Qxa2 13. Qc2 Qa5 14. Bxc4 Na6 15. O-O b5 16. Qe4 Bb7 17. Bxe6 fxe6 18. Qxe6+ Kf8 19. Bd6+ Kg7 20. Ne5 Rhf8 21. Qg6+ Kh8 22. Qxh6+ Kg8 23. Qxg5+ Kh8 24. Ng6+ Kh7 25. Nxf8+ Kh8 26. Be5# 1-0

[Event "Junior Online 4NCL Division 5"]
[Site "online"]
[Date "2021.04.01"]
[EventDate "2021.04.01"]
[Round "6.31"]
[White "Davies, Milo"]
[WhiteElo "1421"]
[WhiteTeam "Young Dragons B"]
[Black "Shi, Shaoquan"]
[BlackElo "1513"]
[BlackTeam "London Dragons Kings"]
[Result "1-0"]
[PlyCount "125"]

1. e4 c5 2. c3 Nf6 3. e5 Nd5 4. d4 d6 5. f4 f6 6. Nf3 cxd4 7. cxd4 Nc6 8. Nc3 Nxc3 9. bxc3 fxe5 10. fxe5 d5 11. Bb5 Bd7 12. O-O e6 13. Ng5 Qa5 14. Qf3 O-O-O 15. Bxc6 Bxc6 16. Nf7 Rg8 17. Nxd8 Qxd8 18. Qf7 Rh8 19. Qxe6+ Kb8 20. Rb1 Qd7 21. Qxd7 Bxd7 22. Rf7 Bc6 23. e6 b6 24. e7 Bxe7 25. Rxe7 g6 26. Bf4+ Ka8 27. Be5 Rf8 28. Rxh7 Rf5 29. Rh8+ Kb7 30. Rb8+ Ka6 31. Rf1 Rg5 32. Rc8 Bb5 33. Rf2 Rg4 34. Rc7 Re4 35. Rff7 Re1+ 36. Kf2 Re2+ 37. Kg3 Ka5 38. Rxa7+ Ba6 39. Rf8 Kb5 40. Rfa8 Rxa2 41. Kf4 Rf2+ 42. Ke3 Ra2 43. g4 Ra5 44. Rxa6 Rxa6 45. Rxa6 Kxa6 46. h4 Kb5 47. h5 gxh5 48. gxh5 Kc4 49. h6 Kxc3 50. h7 b5 51. h8=Q b4 52. Qc8+ Kb2 53. Qc5 b3 54. Qxd5 Ka2 55. Qc4 Ka3 56. d5 b2 57. Qc3+ Ka4 58. Qxb2 Ka5 59. d6 Ka4 60. d7 Ka5 61. d8=Q+ Ka4 62. Qdd4+ Ka5 63. Qbb6# 1-0

[Event "Junior Online 4NCL Division 5"]
[Site "online"]
[Date "2021.04.01"]
[EventDate "2021.04.01"]
[Round "6.32"]
[White "Xu, Jiarui"]
[WhiteElo "1452"]
[WhiteTeam "London Dragons Kings"]
[Black "Chung, Daniel"]
[BlackElo "1482"]
[BlackTeam "Young Dragons B"]
[Result "1-0"]
[PlyCount "125"]

1. e4 c5 2. Nf3 e6 3. d4 cxd4 4. Nxd4 Nf6 5. Nc3 Bb4 6. Bd3 O-O 7. Bd2 Nc6 8. Nf3 d5 9. exd5 Nxd5 10. Nxd5 Bxd2+ 11. Qxd2 exd5 12. O-O Re8 13. Rae1 Bg4 14. h3 Bxf3 15. gxf3 Qd7 16. Kg2 Rac8 17. Rxe8+ Rxe8 18. c4 Rd8 19. Qc3 d4 20. Qc2 h6 21. a3 Qe7 22. Qd2 Ne5 23. Re1 Qf6 24. Be4 b6 25. Rc1 Rc8 26. b3 d3 27. f4 Nd7 28. Bxd3 Nc5 29. Bc2 Rd8 30. Qe3 Qc6+ 31. Qf3 Qxf3+ 32. Kxf3 Ne6 33. Ke3 Rd4 34. f5 Rh4 35. fxe6 Rxh3+ 36. f3 fxe6 37. Be4 Kf7 38. b4 Rh5 39. c5 bxc5 40. bxc5 Ke7 41. c6 Kd8 42. c7+ Kc8 43. Bd3 Ra5 44. Rc3 h5 45. Bf1 h4 46. Bh3 Re5+ 47. Kf4 Rf5+ 48. Bxf5 exf5 49. Kxf5 h3 50. Rc2 h2 51. Rxh2 Kxc7 52. Kg6 Kc6 53. Kxg7 Kb5 54. f4 Ka4 55. f5 Kxa3 56. f6 Kb3 57. f7 a6 58. f8=Q a5 59. Qf3+ Kb4 60. Rh4+ Kb5 61. Qf5+ Ka6 62. Rh6+ Ka7 63. Qd7+ 1-0

[Event "Junior Online 4NCL Division 5"]
[Site "online"]
[Date "2021.04.01"]
[EventDate "2021.04.01"]
[Round "6.33"]
[White "Ryan, Tabitha"]
[WhiteElo "1435"]
[WhiteTeam "Young Dragons B"]
[Black "Fang, Moyao"]
[BlackElo "1367"]
[BlackTeam "London Dragons Kings"]
[Result "1-0"]
[PlyCount "89"]

1. d4 Nf6 2. Nf3 g6 3. Bf4 Bg7 4. c3 d5 5. e3 Ne4 6. Nbd2 f5 7. h3 Nd7 8. Qb3 Ndf6 9. Ne5 O-O 10. Nxe4 Nxe4 11. Bd3 g5 12. Bxe4 gxf4 13. Bxd5+ Kh8 14. Nf7+ Rxf7 15. Bxf7 fxe3 16. fxe3 Qd6 17. O-O Qg3 18. Rf3 Qg5 19. Be6 Bxe6 20. Qxe6 Qf6 21. Qxf6 Bxf6 22. Rxf5 Rg8 23. Raf1 Rg3 24. e4 Rg7 25. e5 Bg5 26. Rf7 Be3+ 27. Kh1 Bg5 28. Rxg7 Kxg7 29. g4 b5 30. b3 c6 31. c4 Be3 32. d5 cxd5 33. cxd5 Bc5 34. Kg2 h6 35. Kf3 Ba3 36. Ke4 b4 37. d6 exd6 38. exd6 Bb2 39. d7 Bf6 40. Rxf6 Kxf6 41. d8=Q+ Kg6 42. Qf8 Kg5 43. Qf5+ Kh4 44. Kf3 a6 45. Qh5# 1-0

[Event "Junior Online 4NCL Division 5"]
[Site "online"]
[Date "2021.04.01"]
[EventDate "2021.04.01"]
[Round "6.34"]
[White "Zhu, Pengxiao"]
[WhiteElo "1411"]
[WhiteTeam "London Dragons Kings"]
[Black "Caesar, Isabella"]
[BlackElo "1255"]
[BlackTeam "Young Dragons B"]
[Result "1-0"]
[PlyCount "121"]

1. d4 d5 2. c4 dxc4 3. Nc3 Nc6 4. Nf3 Nf6 5. e4 e6 6. Bxc4 Be7 7. d5 exd5 8. exd5 Nb4 9. O-O O-O 10. Re1 c6 11. dxc6 Qxd1 12. Nxd1 Nxc6 13. Bf4 Bb4 14. Nc3 Bxc3 15. bxc3 Bd7 16. Rad1 h6 17. Ne5 Nxe5 18. Bxe5 Rac8 19. Bb3 Bg4 20. f3 Bf5 21. h4 Rfe8 22. g4 Be6 23. Bxe6 Rxe6 24. Bxf6 Rxf6 25. Rd7 Rb8 26. Kg2 Rc6 27. Rc1 Rb6 28. Rc2 a5 29. Rd5 Ra6 30. c4 a4 31. c5 Ra5 32. Kg3 b6 33. Rf5 bxc5 34. Rfxc5 Rxc5 35. Rxc5 Rb2 36. a3 Rb3 37. Ra5 Rxa3 38. Kf4 f6 39. Ke4 g5 40. hxg5 hxg5 41. f4 gxf4 42. Kxf4 Kg7 43. Kf5 Ra1 44. Ra7+ Kh6 45. Kxf6 a3 46. g5+ Kh5 47. g6 Rf1+ 48. Kg7 Rf3 49. Kh7 Rg3 50. g7 a2 51. g8=Q Rxg8 52. Kxg8 a1=Q 53. Rxa1 Kh6 54. Rg1 Kh5 55. Kf7 Kh4 56. Kf6 Kh3 57. Kf5 Kh2 58. Rg7 Kh3 59. Rg8 Kh4 60. Rg7 Kh5 61. Rh7# 1-0

[Event "Junior Online 4NCL Division 5"]
[Site "online"]
[Date "2021.04.01"]
[EventDate "2021.04.01"]
[Round "6.35"]
[White "Shi, Shaoquan"]
[WhiteElo "1513"]
[WhiteTeam "London Dragons Kings"]
[Black "Davies, Milo"]
[BlackElo "1421"]
[BlackTeam "Young Dragons B"]
[Result "1-0"]
[PlyCount "65"]

1. d4 d5 2. c4 e6 3. Nc3 Nf6 4. cxd5 exd5 5. Bg5 Be6 6. e3 Bb4 7. Bd3 c5 8. dxc5 Bxc5 9. Qb3 Bb6 10. Qc2 h6 11. Bh4 Nc6 12. a3 Rc8 13. Qb1 O-O 14. Nge2 d4 15. exd4 Nxd4 16. Bg3 Qd7 17. O-O Rfd8 18. Rd1 Qe7 19. Be5 Nb3 20. Bxf6 Qxf6 21. Ne4 Qe7 22. N2g3 Nxa1 23. Qxa1 Rd4 24. b4 Rcd8 25. Nh5 g6 26. Nhf6+ Kf8 27. Nh7+ Kg8 28. Nef6+ Kg7 29. h3 Rh8 30. Be2 Qd6 31. Bf1 Rxd1 32. Nh5+ Kxh7 33. Qg7# 1-0

[Event "Junior Online 4NCL Division 5"]
[Site "online"]
[Date "2021.04.01"]
[EventDate "2021.04.01"]
[Round "6.36"]
[White "Chung, Daniel"]
[WhiteElo "1482"]
[WhiteTeam "Young Dragons B"]
[Black "Xu, Jiarui"]
[BlackElo "1452"]
[BlackTeam "London Dragons Kings"]
[Result "0-1"]
[PlyCount "80"]

1. d4 d5 2. c4 e6 3. Nc3 Nf6 4. Bg5 Be7 5. Nf3 h6 6. Bh4 O-O 7. e3 Nbd7 8. Be2 a6 9. cxd5 Nxd5 10. Bxe7 Qxe7 11. Nxd5 exd5 12. Bd3 Nf6 13. Rc1 Bg4 14. h3 Bh5 15. g4 Bg6 16. Bxg6 fxg6 17. Ne5 Qb4+ 18. Kf1 Ne4 19. Rc2 Ng3+ 20. Kg2 Nxh1 21. Kxh1 Kh7 22. Rxc7 Qxb2 23. Nxg6 Rxf2 24. Qg1 Kxg6 25. g5 hxg5 26. h4 Rf5 27. hxg5 Rxg5 28. Rxg7+ Kxg7 29. Qxg5+ Kf7 30. Qf5+ Ke7 31. Qe5+ Kd7 32. Qxd5+ Kc7 33. Qc5+ Kb8 34. Qd6+ Ka7 35. Qc5+ Qb6 36. Qe5 Qb1+ 37. Kg2 Qxa2+ 38. Kf3 Rf8+ 39. Ke4 Qc2+ 40. Kd5 Qc6# 0-1

[Event "Junior Online 4NCL Division 5"]
[Site "online"]
[Date "2021.04.01"]
[EventDate "2021.04.01"]
[Round "6.37"]
[White "Fang, Moyao"]
[WhiteElo "1367"]
[WhiteTeam "London Dragons Kings"]
[Black "Ryan, Tabitha"]
[BlackElo "1435"]
[BlackTeam "Young Dragons B"]
[Result "0-1"]
[PlyCount "94"]

1. e4 d6 2. d4 Nf6 3. Bd3 g6 4. f4 Bg4 5. Nf3 Nc6 6. c3 e5 7. fxe5 dxe5 8. d5 Nb8 9. h3 Bxf3 10. Qxf3 Bg7 11. Bg5 h6 12. Bxf6 Qxf6 13. Qxf6 Bxf6 14. O-O Bg7 15. Bc4 O-O 16. Nd2 Nd7 17. a4 Nb6 18. Ba2 Rad8 19. a5 Nd7 20. b4 a6 21. c4 h5 22. b5 Nc5 23. Rfb1 Bh6 24. Nb3 Nxe4 25. bxa6 bxa6 26. Re1 f5 27. Rab1 Nc3 28. Rb2 Nxa2 29. Rxa2 e4 30. Nd4 Rfe8 31. Ne6 Rd7 32. c5 Ree7 33. Rd2 Bxd2 34. Rd1 Rxd5 35. Nf4 Be3+ 36. Kh2 Bxf4+ 37. g3 Bxg3+ 38. Kxg3 Rxd1 39. Kh4 e3 40. Kg5 e2 41. Kh6 Rh7+ 42. Kg5 e1=Q 43. Kf6 Qe7+ 44. Kxg6 Rg1+ 45. Kxf5 Rf1+ 46. Kg6 Rg7+ 47. Kh6 Qg5# 0-1

[Event "Junior Online 4NCL Division 5"]
[Site "online"]
[Date "2021.04.01"]
[EventDate "2021.04.01"]
[Round "6.38"]
[White "Caesar, Isabella"]
[WhiteElo "1255"]
[WhiteTeam "Young Dragons B"]
[Black "Zhu, Pengxiao"]
[BlackElo "1411"]
[BlackTeam "London Dragons Kings"]
[Result "1-0"]
[PlyCount "127"]

1. e4 e5 2. Nf3 Nc6 3. Nc3 Nf6 4. d4 exd4 5. Nxd4 Bb4 6. Nxc6 bxc6 7. Bd2 O-O 8. Bd3 d5 9. exd5 Re8+ 10. Be2 cxd5 11. O-O d4 12. Nb5 Bxd2 13. Qxd2 a6 14. Na3 Bb7 15. Bd3 Qd5 16. f3 Qh5 17. Nc4 Bd5 18. b3 Bxc4 19. Bxc4 Nd5 20. Bxd5 Qxd5 21. c4 Qe5 22. Rae1 Qc5 23. Rxe8+ Rxe8 24. Kh1 Qe5 25. h3 Qe3 26. Qxe3 dxe3 27. Re1 Kf8 28. Re2 Re6 29. Kh2 Ke7 30. Kg3 Kd6 31. Kf4 Kc5 32. Rxe3 Rxe3 33. Kxe3 Kb4 34. Kd3 Kc5 35. a3 a5 36. Kc3 c6 37. b4+ axb4+ 38. axb4+ Kb6 39. Kd4 Kc7 40. Kc5 f6 41. b5 cxb5 42. Kxb5 Kd6 43. c5+ Ke5 44. c6 Kf4 45. c7 Kg3 46. c8=Q Kxg2 47. Qg4+ Kf2 48. f4 Ke3 49. f5 Kf2 50. Qxg7 Kf3 51. Qxf6 Kf4 52. h4 Kg4 53. Qg5+ Kf3 54. f6 Ke4 55. f7 h6 56. Qf6 h5 57. f8=Q Ke3 58. Q8e7+ Kd3 59. Qfd6+ Kc3 60. Qc5+ Kb3 61. Qc4+ Kb2 62. Qee2+ Kb1 63. Qb3+ Ka1 64. Qba2# 1-0

[Event "Junior Online 4NCL Division 5"]
[Site "online"]
[Date "2021.04.01"]
[EventDate "2021.04.01"]
[Round "6.41"]
[White "Longia-Zaidi, Ismail"]
[WhiteElo "1608"]
[WhiteTeam "Desert Penguins Saturn"]
[Black "Clayton, Daniel J"]
[BlackElo "1578"]
[BlackTeam "SASCA Sharks"]
[Result "0-1"]
[PlyCount "74"]

1. d4 Nf6 2. c4 e6 3. Nf3 b6 4. a3 Bb7 5. Nc3 Be7 6. Bf4 O-O 7. e4 Nxe4 8. Nb1 d5 9. Nbd2 Nd7 10. Bd3 Ndf6 11. O-O Bd6 12. Bg5 Nxg5 13. Nxg5 h6 14. Ngf3 Rc8 15. cxd5 Bxd5 16. Nh4 c5 17. dxc5 Bxc5 18. Qe2 Qd7 19. Bb5 Bc6 20. Bd3 Rfd8 21. Ba6 Rc7 22. Ndf3 g5 23. Ne5 Qd5 24. Nxc6 Qxc6 25. Nf3 Qe4 26. Qxe4 Nxe4 27. Rae1 f5 28. b4 Bd4 29. Nxd4 Rxd4 30. Ra1 Rc2 31. Bb5 Rdd2 32. Ba4 Rb2 33. Bc6 Nxf2 34. Bb5 Nh3+ 35. gxh3 Rg2+ 36. Kh1 Rxh2+ 37. Kg1 Rbg2# 0-1

[Event "Junior Online 4NCL Division 5"]
[Site "online"]
[Date "2021.04.01"]
[EventDate "2021.04.01"]
[Round "6.42"]
[White "Atkinson, Matthew"]
[WhiteElo "1255"]
[WhiteTeam "SASCA Sharks"]
[Black "Dane, Antony"]
[BlackElo "1382"]
[BlackTeam "Desert Penguins Saturn"]
[Result "1-0"]
[PlyCount "125"]

1. d4 d5 2. Nc3 Nf6 3. Bf4 Bf5 4. e3 e6 5. Nb5 Bb4+ 6. c3 Ba5 7. Qa4 Bb6 8. Nxc7+ Ke7 9. Nxa8 Nc6 10. Nxb6 axb6 11. Qa3+ Ke8 12. Bb5 Qe7 13. Bxc6+ bxc6 14. Qa8+ Qd8 15. Qxc6+ Nd7 16. Qc7 Qe7 17. Qc8+ Qd8 18. Qxd8+ Kxd8 19. Nf3 Ke7 20. Ne5 Nxe5 21. Bxe5 f6 22. Bc7 b5 23. a4 Rc8 24. Bf4 g5 25. Bg3 bxa4 26. Rxa4 h5 27. Ra7+ Kd8 28. Rf7 h4 29. Rf8+ Kd7 30. Rxc8 Kxc8 31. Bd6 Kd7 32. Bc5 Be4 33. O-O g4 34. f3 gxf3 35. Rxf3 Bxf3 36. gxf3 f5 37. Kg2 Kc6 38. Kh3 Kb5 39. Kxh4 Kc4 40. Kg5 Kd3 41. b4 Kxe3 42. b5 Kxf3 43. b6 f4 44. b7 Ke3 45. b8=Q f3 46. Qf4+ Ke2 47. Qe5+ Kd2 48. Qf4+ Ke2 49. Qe5+ Kd2 50. h4 f2 51. Qh2 Ke1 52. Qh1+ Ke2 53. Qg2 Ke1 54. Qh1+ Ke2 55. Qg2 Ke1 56. Qxf2+ Kxf2 57. h5 Ke3 58. h6 Kd3 59. h7 Kxc3 60. h8=Q Kc4 61. Qe5 Kd3 62. Qxe6 Kc4 63. Qa6+ 1-0

[Event "Junior Online 4NCL Division 5"]
[Site "online"]
[Date "2021.04.01"]
[EventDate "2021.04.01"]
[Round "6.43"]
[White "Bharat Kumar, Balahari"]
[WhiteElo "1217"]
[WhiteTeam "Desert Penguins Saturn"]
[Black "Dewis, Oliver"]
[BlackElo "903"]
[BlackTeam "SASCA Sharks"]
[Result "1-0"]
[PlyCount "77"]

1. d4 d5 2. c4 c6 3. Nd2 e6 4. Ngf3 dxc4 5. Nxc4 Bb4+ 6. Bd2 Qe7 7. a3 Bxd2+ 8. Qxd2 Nf6 9. e3 O-O 10. Bd3 b5 11. Nce5 Nbd7 12. Nxc6 Qd6 13. Nce5 Nxe5 14. dxe5 Qe7 15. exf6 Qxf6 16. O-O Bb7 17. Qe2 Bxf3 18. Qxf3 Qxb2 19. Rfb1 Qd2 20. Qe2 Qc3 21. Qc2 Rac8 22. Qxc3 Rxc3 23. Bxb5 Rc5 24. Bf1 Ra8 25. Rb7 a5 26. Rd1 Rac8 27. Rdd7 Rd5 28. Rxf7 Rd1 29. Rxg7+ Kf8 30. Rxh7 Kg8 31. Rhd7 Kf8 32. Rxd1 Ke8 33. Bb5+ Kf8 34. g3 Kg8 35. h4 Kh8 36. h5 Kg8 37. h6 Kh8 38. Bc4 Rxc4 39. Rd8# 1-0

[Event "Junior Online 4NCL Division 5"]
[Site "online"]
[Date "2021.04.01"]
[EventDate "2021.04.01"]
[Round "6.45"]
[White "Clayton, Daniel J"]
[WhiteElo "1578"]
[WhiteTeam "SASCA Sharks"]
[Black "Longia-Zaidi, Ismail"]
[BlackElo "1608"]
[BlackTeam "Desert Penguins Saturn"]
[Result "1-0"]
[PlyCount "89"]

1. e4 c5 2. d4 cxd4 3. c3 dxc3 4. Nxc3 d6 5. Bc4 e6 6. Nf3 a6 7. a4 Nf6 8. e5 dxe5 9. Qxd8+ Kxd8 10. Nxe5 Bb4 11. Nxf7+ Ke7 12. Nxh8 Kf8 13. Bg5 Kg8 14. Rd1 Nc6 15. O-O Bxc3 16. bxc3 Kxh8 17. Bxf6 gxf6 18. Rd6 Kg7 19. Bxe6 Bxe6 20. Rxe6 Kf7 21. Rd6 Na5 22. Rfd1 Rc8 23. R1d3 Re8 24. g3 Re4 25. R3d4 Re1+ 26. Kg2 Rc1 27. Rd3 Ra1 28. R3d4 Rc1 29. Rd7+ Kg6 30. R4d5 Nc4 31. Rxb7 Rxc3 32. Rdd7 Rc2 33. Rxh7 Ne3+ 34. Kf3 Nd5 35. Kg4 f5+ 36. Kf3 Rc3+ 37. Ke2 Rc2+ 38. Kf1 Rc1+ 39. Kg2 Rc2 40. Rhd7 Ne3+ 41. Kf3 Ng4 42. Rb6+ Kg5 43. Rg7+ Kh5 44. Rh7+ Kg5 45. h4# 1-0

[Event "Junior Online 4NCL Division 5"]
[Site "online"]
[Date "2021.04.01"]
[EventDate "2021.04.01"]
[Round "6.46"]
[White "Dane, Antony"]
[WhiteElo "1382"]
[WhiteTeam "Desert Penguins Saturn"]
[Black "Atkinson, Matthew"]
[BlackElo "1255"]
[BlackTeam "SASCA Sharks"]
[Result "1-0"]
[PlyCount "115"]

1. d4 d5 2. c4 c6 3. Nd2 Bf5 4. Ngf3 e6 5. e3 Bb4 6. a3 Qa5 7. Qb3 Nf6 8. Qxb4 Qxb4 9. axb4 Na6 10. b5 Nb4 11. Ke2 Bd3+ 12. Kd1 Bc2+ 13. Ke1 Bf5 14. Ra4 Nd3+ 15. Bxd3 Bxd3 16. bxc6 bxc6 17. cxd5 cxd5 18. Ne5 Bf5 19. Ke2 O-O 20. b4 Rfd8 21. Bb2 Be4 22. Nxe4 Nxe4 23. Rc1 Rdc8 24. Kf3 Nd2+ 25. Kf4 Nb3 26. Rxc8+ Rxc8 27. Rxa7 f6 28. Nd3 Nd2 29. Nc5 Nc4 30. Bc1 e5+ 31. dxe5 Nxe5 32. Bb2 Rxc5 33. bxc5 Nd3+ 34. Kf5 Nxb2 35. Ke6 h6 36. Kxd5 Nd3 37. c6 Nb4+ 38. Kd6 Nxc6 39. Kxc6 Kh7 40. e4 Kg6 41. h3 Kg5 42. Rxg7+ Kf4 43. f3 Ke5 44. Rh7 f5 45. exf5 Kxf5 46. Rxh6 Kf4 47. Re6 Kg3 48. Rf6 Kxg2 49. Re6 Kxf3 50. Kd5 Kg3 51. Rf6 Kxh3 52. Rg6 Kh4 53. Ke5 Kh5 54. Rg1 Kh6 55. Kf5 Kh7 56. Kf6 Kh8 57. Kf7 Kh7 58. Rh1# 1-0

[Event "Junior Online 4NCL Division 5"]
[Site "online"]
[Date "2021.04.01"]
[EventDate "2021.04.01"]
[Round "6.47"]
[White "Dewis, Oliver"]
[WhiteElo "903"]
[WhiteTeam "SASCA Sharks"]
[Black "Bharat Kumar, Balahari"]
[BlackElo "1217"]
[BlackTeam "Desert Penguins Saturn"]
[Result "0-1"]
[PlyCount "56"]

1. d4 d5 2. c4 e6 3. cxd5 exd5 4. Nc3 Nf6 5. e3 c6 6. Bd3 Bd6 7. Qe2 O-O 8. Qf3 Bg4 9. Qxg4 Nxg4 10. Nf3 Nd7 11. Bd2 Re8 12. h3 Ngf6 13. O-O Ne4 14. Nxe4 dxe4 15. Bxe4 Rxe4 16. Ng5 Qxg5 17. f4 Qg3 18. Rfc1 g5 19. fxg5 Qh2+ 20. Kf1 Bg3 21. Ke2 Qxg2+ 22. Kd3 Ne5+ 23. Kc3 Rd8 24. Rg1 Qf2 25. dxe5 Qxd2+ 26. Kb3 Qb4+ 27. Kc2 Rd2+ 28. Kb1 Qxb2# 0-1

[Event "Junior Online 4NCL Division 5"]
[Site "online"]
[Date "2021.04.01"]
[EventDate "2021.04.01"]
[Round "6.51"]
[White "Patel, Ananya"]
[WhiteElo "1501"]
[WhiteTeam "Chess Challengers C"]
[Black "Wilson, Florence"]
[BlackElo "1360"]
[BlackTeam "Lenzie Dementors"]
[Result "0-1"]
[PlyCount "178"]

1. e4 e5 2. f4 d6 3. Nf3 Nc6 4. Nc3 Bg4 5. Bc4 Nd4 6. O-O Nxf3+ 7. Rxf3 Bxf3 8. Qxf3 Nf6 9. d3 Be7 10. Be3 O-O 11. Nd5 c6 12. Nxf6+ Bxf6 13. a3 d5 14. exd5 exf4 15. Bxf4 Bxb2 16. Ra2 Bd4+ 17. Kh1 Re8 18. h3 Qf6 19. dxc6 bxc6 20. Qg3 Be5 21. Bxe5 Qxe5 22. Qxe5 Rxe5 23. Rb2 g5 24. Ba6 Rae8 25. Bc4 h5 26. Rb7 R5e7 27. Rb4 g4 28. hxg4 hxg4 29. Bb3 g3 30. Rg4+ Kh7 31. Rxg3 Re1+ 32. Kh2 Rg8 33. Rh3+ Kg7 34. Rg3+ Kf8 35. Rf3 Rh8+ 36. Kg3 Rh7 37. Kf2 Re5 38. Ba4 Ra5 39. Bxc6 Rxa3 40. Be4 Rg7 41. Bd5 a5 42. Rh3 a4 43. Rh8+ Rg8 44. Rh7 Rg7 45. Rh8+ Ke7 46. c4 Rxd3 47. Rc8 a3 48. Rc7+ Kd6 49. Rc6+ Ke5 50. Rc5 Kd4 51. Ra5 Rg5 52. Ra7 Rf5+ 53. Ke2 Rf2+ 54. Kxf2 Rd2+ 55. Kf1 a2 56. Bxf7 Rd1+ 57. Ke2 a1=Q 58. Rxa1 Rxa1 59. g4 Rg1 60. Kf3 Rf1+ 61. Kg3 Rxf7 62. g5 Ke5 63. Kg4 Rf4+ 64. Kh5 Kf5 65. c5 Rc4 66. g6 Rxc5 67. Kh6 Kf6 68. g7 Kf7 69. g8=Q+ Kxg8 70. Kg6 Rc6+ 71. Kf5 Kf7 72. Ke5 Ke7 73. Kd5 Kd7 74. Ke5 Rd6 75. Kf5 Re6 76. Kg5 Ke7 77. Kf5 Kf7 78. Kg5 Rf6 79. Kh5 Rg6 80. Kh4 Kf6 81. Kh5 Kf5 82. Kh4 Rg5 83. Kh3 Rg4 84. Kh2 Kf4 85. Kh3 Kf3 86. Kh2 Rg3 87. Kh1 Kf2 88. Kh2 Rf3 89. Kh1 Rh3# 0-1

[Event "Junior Online 4NCL Division 5"]
[Site "online"]
[Date "2021.04.01"]
[EventDate "2021.04.01"]
[Round "6.52"]
[White "Marenduzzo, Ollie"]
[WhiteElo "968"]
[WhiteTeam "Lenzie Dementors"]
[Black "Papneja, Vedant"]
[BlackElo "1410"]
[BlackTeam "Chess Challengers C"]
[Result "1-0"]
[PlyCount "73"]

1. e4 d5 2. exd5 Qxd5 3. Nc3 Qa5 4. d4 Nf6 5. Bd2 c6 6. Nf3 Bg4 7. h3 Bh5 8. Bd3 Qc7 9. g4 Bg6 10. Bxg6 hxg6 11. g5 Nfd7 12. Qe2 Nb6 13. O-O-O N8d7 14. Qe4 e6 15. Bf4 Bd6 16. Bxd6 Qxd6 17. h4 O-O-O 18. Rhe1 Rde8 19. Ne5 Nxe5 20. dxe5 Qc7 21. Rd6 Rd8 22. Red1 Rxd6 23. Rxd6 Rd8 24. Rxd8+ Qxd8 25. Qf4 Qd7 26. Ne4 Nc4 27. b3 Nb6 28. Nd6+ Kb8 29. Qxf7 Qxf7 30. Nxf7 Nd7 31. Kd2 Kc7 32. Ke3 Kb6 33. f4 Kc5 34. Nd6 b6 35. a3 Kd5 36. Nb7 a5 37. c4# 1-0

[Event "Junior Online 4NCL Division 5"]
[Site "online"]
[Date "2021.04.01"]
[EventDate "2021.04.01"]
[Round "6.53"]
[White "Sethi, Siddharth"]
[WhiteElo "1416"]
[WhiteTeam "Chess Challengers C"]
[Black "Lynn, Angelo"]
[BlackElo "900"]
[BlackTeam "Lenzie Dementors"]
[Result "0-1"]
[PlyCount "110"]

1. e4 c6 2. d4 d5 3. f3 Nf6 4. e5 Nfd7 5. Nc3 Nb6 6. a4 a5 7. Bd3 e6 8. Bf4 Be7 9. Nge2 Bg5 10. O-O h6 11. Qc1 Bd7 12. Ng3 Bxf4 13. Qxf4 Qg5 14. Qxg5 hxg5 15. f4 gxf4 16. Rxf4 Ke7 17. b3 Na6 18. Re1 Nb4 19. Be2 Nxc2 20. Rc1 Nb4 21. Nh5 Rh7 22. Rcf1 Rf8 23. Rh4 g6 24. h3 gxh5 25. Bxh5 Be8 26. g4 Nd7 27. g5 Rg8 28. Rf2 Rxg5+ 29. Rg2 Rgxh5 30. Rxh5 Rxh5 31. Rg3 Nc2 32. Ne2 c5 33. dxc5 Nxc5 34. Nf4 Rxe5 35. Rg7 Rf5 36. Ng6+ Kf6 37. Rg8 Rg5+ 38. Kf2 Bc6 39. h4 Rxg6 40. Rxg6+ Kxg6 41. Kg3 Nxb3 42. Kg4 d4 43. h5+ Kh6 44. Kh4 d3 45. Kg4 d2 46. Kh4 d1=Q 47. Kh3 Qf3+ 48. Kh4 Qxh5+ 49. Kg3 Qf3+ 50. Kh4 Qf2+ 51. Kg4 Qf5+ 52. Kh4 Bf3 53. Kg3 Qg4+ 54. Kf2 Nbd4 55. Kf1 Qg2# 0-1

[Event "Junior Online 4NCL Division 5"]
[Site "online"]
[Date "2021.04.01"]
[EventDate "2021.04.01"]
[Round "6.54"]
[White "Banerjee, Supratit"]
[WhiteElo "623"]
[WhiteTeam "Lenzie Dementors"]
[Black "Zabotka, Motiejus"]
[BlackElo "1488"]
[BlackTeam "Chess Challengers C"]
[Result "1-0"]
[PlyCount "45"]

1. e4 c5 2. Nc3 Nc6 3. Nf3 Nf6 4. d3 h6 5. h3 e5 6. Be2 b6 7. Nd5 Bb7 8. O-O Nd4 9. Nxe5 Nxd5 10. exd5 Bxd5 11. Bf3 Nxf3+ 12. Nxf3 Bb7 13. Re1+ Be7 14. Qe2 d5 15. Bd2 d4 16. Qe5 f6 17. Qh5+ Kf8 18. Qg4 Bc8 19. Qf4 Bd6 20. Qe4 Rb8 21. Nh4 Kf7 22. Qd5+ Kf8 23. Ng6# 1-0

[Event "Junior Online 4NCL Division 5"]
[Site "online"]
[Date "2021.04.01"]
[EventDate "2021.04.01"]
[Round "6.55"]
[White "Wilson, Florence"]
[WhiteElo "1360"]
[WhiteTeam "Lenzie Dementors"]
[Black "Patel, Ananya"]
[BlackElo "1501"]
[BlackTeam "Chess Challengers C"]
[Result "1-0"]
[PlyCount "117"]

1. e4 e5 2. Nf3 Nf6 3. Nxe5 Nc6 4. Nf3 Bc5 5. Nc3 d6 6. d4 Bb4 7. a3 Bxc3+ 8. bxc3 Nxe4 9. Qe2 Qe7 10. Bg5 Qe6 11. Qe3 O-O 12. Bd3 Nxg5 13. Nxg5 Qf6 14. Nxh7 Qh4 15. Nxf8 Kxf8 16. O-O Be6 17. Rab1 Rb8 18. Be4 Na5 19. Qf3 Bg4 20. Qf4 b6 21. Bf5 g5 22. Qxg4 Qxg4 23. Bxg4 Nc4 24. Ra1 c5 25. Be2 Nd2 26. Rfd1 Ne4 27. Bf3 Nxc3 28. Rd3 Nb5 29. Rb3 Nxd4 30. Rd3 Nxc2 31. Ra2 Nd4 32. Bd5 Re8 33. Ra1 Nc2 34. Rc1 Ne1 35. Rdd1 Re5 36. Bc4 Re4 37. Rxe1 Rxe1+ 38. Rxe1 Kg7 39. Re7 Kf6 40. Rxf7+ Ke5 41. Rxa7 d5 42. Bd3 Kd4 43. Bb1 c4 44. Rb7 Kc5 45. g3 c3 46. Rc7+ Kd4 47. f4 gxf4 48. gxf4 b5 49. f5 Ke5 50. Rxc3 d4 51. Rc5+ Kf6 52. Rxb5 Kg5 53. h4+ Kxh4 54. f6 Kg4 55. f7 Kf4 56. f8=Q+ Ke3 57. Rb3+ Kd2 58. Qf2+ Kc1 59. Qc2# 1-0

[Event "Junior Online 4NCL Division 5"]
[Site "online"]
[Date "2021.04.01"]
[EventDate "2021.04.01"]
[Round "6.56"]
[White "Papneja, Vedant"]
[WhiteElo "1410"]
[WhiteTeam "Chess Challengers C"]
[Black "Marenduzzo, Ollie"]
[BlackElo "968"]
[BlackTeam "Lenzie Dementors"]
[Result "0-1"]
[PlyCount "54"]

1. d4 Nf6 2. Nc3 g6 3. e4 d6 4. Be3 Bg7 5. Qd2 Ng4 6. Bf4 h6 7. f3 Nf6 8. O-O-O e6 9. g4 g5 10. Be3 Nc6 11. Bb5 Bd7 12. Nge2 Qe7 13. d5 Ne5 14. Bxd7+ Nfxd7 15. Nb5 Nb6 16. Nec3 a6 17. Bxb6 cxb6 18. Nd4 Nc4 19. Qd3 Ne5 20. Qe2 O-O 21. h4 gxh4 22. Rh3 Rac8 23. Rdh1 Bf6 24. f4 Ng6 25. f5 Nf4 26. Qe3 Nxh3 27. Rxh3 Bg5 0-1